<?xml version="1.0" encoding="UTF-8"?>
<record
    xmlns:xsi="http://www.w3.org/2001/XMLSchema-instance"
    xsi:schemaLocation="http://www.loc.gov/MARC21/slim http://www.loc.gov/standards/marcxml/schema/MARC21slim.xsd"
    xmlns="http://www.loc.gov/MARC21/slim">

  <leader>00438nam a22001817a 4500</leader>
  <controlfield tag="005">20260421162341.0</controlfield>
  <controlfield tag="008">260421b        |||||||| |||| 00| 0 eng d</controlfield>
  <datafield tag="020" ind1=" " ind2=" ">
    <subfield code="a">9789349015715</subfield>
  </datafield>
  <datafield tag="040" ind1=" " ind2=" ">
    <subfield code="c">FLL</subfield>
  </datafield>
  <datafield tag="041" ind1=" " ind2=" ">
    <subfield code="2">eng</subfield>
  </datafield>
  <datafield tag="084" ind1=" " ind2=" ">
    <subfield code="a">Z2,3 R5</subfield>
  </datafield>
  <datafield tag="100" ind1=" " ind2=" ">
    <subfield code="a">Mulla&amp;Pollock</subfield>
    <subfield code="9">1235319</subfield>
  </datafield>
  <datafield tag="245" ind1=" " ind2=" ">
    <subfield code="a">The Indian Contract Act,1872</subfield>
  </datafield>
  <datafield tag="250" ind1=" " ind2=" ">
    <subfield code="a">17th</subfield>
  </datafield>
  <datafield tag="260" ind1=" " ind2=" ">
    <subfield code="a">Haryana</subfield>
    <subfield code="b">Atlantic </subfield>
    <subfield code="c">2025</subfield>
  </datafield>
  <datafield tag="300" ind1=" " ind2=" ">
    <subfield code="a">cccxlii 1686p</subfield>
    <subfield code="b">Hb</subfield>
  </datafield>
  <datafield tag="942" ind1=" " ind2=" ">
    <subfield code="2">CC</subfield>
    <subfield code="c">TB</subfield>
  </datafield>
  <datafield tag="999" ind1=" " ind2=" ">
    <subfield code="c">1848358</subfield>
    <subfield code="d">1848358</subfield>
  </datafield>
  <datafield tag="952" ind1=" " ind2=" ">
    <subfield code="0">0</subfield>
    <subfield code="1">0</subfield>
    <subfield code="2">CC</subfield>
    <subfield code="4">0</subfield>
    <subfield code="6">Z_23_R5</subfield>
    <subfield code="7">0</subfield>
    <subfield code="9">1781918</subfield>
    <subfield code="a">FLL</subfield>
    <subfield code="b">FLL</subfield>
    <subfield code="d">2026-01-12</subfield>
    <subfield code="e">Atlantic </subfield>
    <subfield code="i">1205332-12/01/2026</subfield>
    <subfield code="l">0</subfield>
    <subfield code="o">Z2,3 R5</subfield>
    <subfield code="p">LL1943515</subfield>
    <subfield code="r">2026-04-21 16:33:13</subfield>
    <subfield code="t">1</subfield>
    <subfield code="w">2026-04-21</subfield>
    <subfield code="y">TEXL</subfield>
  </datafield>
  <datafield tag="952" ind1=" " ind2=" ">
    <subfield code="0">0</subfield>
    <subfield code="1">0</subfield>
    <subfield code="2">CC</subfield>
    <subfield code="4">0</subfield>
    <subfield code="6">Z_23_R5</subfield>
    <subfield code="7">0</subfield>
    <subfield code="9">1781919</subfield>
    <subfield code="a">FLL</subfield>
    <subfield code="b">FLL</subfield>
    <subfield code="d">2026-01-12</subfield>
    <subfield code="e">Atlantic </subfield>
    <subfield code="i">1205332-12/01/2026</subfield>
    <subfield code="l">0</subfield>
    <subfield code="o">Z2,3 R5</subfield>
    <subfield code="p">LL1943516</subfield>
    <subfield code="r">2026-04-21 16:33:13</subfield>
    <subfield code="t">2</subfield>
    <subfield code="w">2026-04-21</subfield>
    <subfield code="y">TEXL</subfield>
  </datafield>
</record>
